Access 2.0 for Windowns Bằng hình ảnh, một phương pháp học nhanh chóng và hiệu quả

.

Na minha lista:
Detalhes bibliográficos
Formato: Livro
Idioma:Vietnamese
Publicado em: Đồng Nai Nxb Đồng Nai 1995
Assuntos:
Tags: Adicionar Tag
Sem tags, seja o primeiro a adicionar uma tag!
Thư viện lưu trữ: Mạng thư viện Đại học Đà Nẵng
LEADER 01029nam a2200313 4500
001 000012979
003 9306
005 20120306080352.0
008 120306s1995 viesd
020 |c 35000đ 
041 0 |a vie 
082 |a 005.75  |b ACC 
245 0 |a Access 2.0 for Windowns  |b Bằng hình ảnh, một phương pháp học nhanh chóng và hiệu quả  |c Hồ Thanh Ngân, Khiếu Văn Chí 
260 |a Đồng Nai  |b Nxb Đồng Nai  |c 1995 
300 |a 245 tr  |c 27 cm 
520 |a . 
653 |a Access 2.0 
653 |a Windowns 
653 |a Tin học 
OWN |a LSP 
AVA |a UDN50  |b LSP  |d 005.75 ACC  |e available  |t Error 5001 Not defined in file expand_doc_bib_avail.  |f 1  |g 0  |h N  |i 0  |k 1 
999 |a From the UDN01 
AVA |a UDN50  |b LSP  |d 005.75 ACC  |e available  |t Error 5001 Not defined in file expand_doc_bib_avail.  |f 1  |g 0  |h N  |i 0  |k 1 
TYP |a Monograph 
TYP |a Printed language 
980 |a Mạng thư viện Đại học Đà Nẵng